Kluby Piłkarskie w Sosnowcu - Statystyki

Ogólne statystyki
  • Ten quiz został rozwiązany 19 razy
  • Średni wynik to 3 z 6
Statystyki odpowiedzi
Odpowiedź % Poprawnych
Zagłębie Sosnowiec
100%
Czarni Sosnowiec
89%
Górnik Sosnowiec
58%
AKS Niwka Sosnowiec
37%
Zew Kazimierz
16%
JavaFit Sosnowiec
11%
Nie znaleziono quizów pasujących do podanych kryteriów
Rozkład punktacji
Procent ludzi z każdym wynikiem
Percentyl według liczby udzielonych odpowiedzi
Twoja historia wyników
Nie rozwiązałeś tego quizu